Independence From Who? - Statistics

General Stats
  • This quiz has been taken 34 times
  • The average score is 160 of 197
Answers on the Map
Answers color-coded by a green-red scale on the quiz's map according to % correct below.
 
Answer Stats
Answer % Correct
France
100%
Ottoman Empire
100%
Russia
100%
Soviet Union
100%
Spain
100%
United Kingdom
100%
United States of America
100%
Italy
97%
Japan
97%
Portugal
97%
Germany
94%
Germany
90%
Soviet Union
90%
Denmark
87%
United States of America
87%
Soviet Union
81%
Sweden
77%
Belgium
74%
The Netherlands
74%
Austria-Hungary
71%
Japan
71%
Ottoman Empire
71%
Australia
68%
Pakistan
68%
Yugoslavia
65%
Brazil
61%
Sudan
61%
Czechoslovakia
58%
Ethiopia
55%
Serbia
48%
South Africa
48%
Indonesia
45%
Kalmar Union
45%
England
35%
New Zealand
35%
Roman Empire
35%
Gran Colombia
26%
Siam
26%
Central America
23%
Holy Roman Empire
19%
Malaysia
19%
United Arab Republic
16%
Castile
13%
Nejd
10%
New Granada
6%
Rio de la Plata
6%
Tangyanika
6%
West Francia
6%
Foix
3%
Nice
3%
Papal States
3%
Vaduz
3%
No matching quizzes found
Score Distribution
Percent of People with Each Score
Percentile by Number Answered
Your Score History
You have not taken this quiz